| 000 | 00717nam a22001937a 4500 | ||
|---|---|---|---|
| 003 | OSt | ||
| 005 | 20251201111239.0 | ||
| 008 | 251010b |||||||| |||| 00| 0 eng d | ||
| 020 | _a971-8614-35-4. | ||
| 040 |
_aDWC-Main Lib. _cOC |
||
| 100 | _aGILLESANIA, DIEGO INOCENCIO T. | ||
| 245 |
_aFundamentals of structural steel design with theory of structures/ _cGILLESANIA, DIEGO INOCENCIO T. |
||
| 260 |
_aCebu : _bGillesania Engineering Review and Training Center, _cc2006. |
||
| 300 |
_aVI, 442 p. : _bill. ; _c20 cm. |
||
| 504 | _aIncludes index. | ||
| 650 | _a1. Steel construction-Examinations, questions, etc. | ||
| 650 | _a2. Structural steel-Problems, exercises, etc. | ||
| 942 |
_2ddc _cBK - FIL _hFil. _n0 |
||
| 999 |
_c4837 _d4837 |
||